Largest City by Country and Time Zone - Statistics

General Stats
  • This quiz has been taken 27 times
  • The average score is 174 of 269
Answers on the Map
Answers color-coded by a green-red scale on the quiz's map according to % correct below.
 
Answer Stats
Time Zone Country City % Correct
UTC+00:00 United Kingdom London
96%
UTC+00:00 Ireland Dublin
92%
UTC+01:00 Belgium Brussels
88%
UTC−08:00 United States Los Angeles
88%
UTC−05:00 United States New York
88%
UTC+01:00 France Paris
88%
UTC+12:00 New Zealand Auckland
85%
UTC−05:00 Colombia Bogotá
85%
UTC−06:00 United States Chicago
85%
UTC+08:00 China Guangzhou
85%
UTC+00:00 Portugal Lisbon
85%
UTC+01:00 Luxembourg Luxembourg
85%
UTC+01:00 Spain Madrid
85%
UTC−06:00 Mexico Mexico City
85%
UTC+03:00 Russia Moscow
85%
UTC−02:00 Denmark Nuuk
85%
UTC+00:00 Iceland Reykjavík
85%
UTC−03:00 Brazil São Paulo
85%
UTC+03:30 Iran Tehran
85%
UTC−08:00 Canada Vancouver
85%
UTC+01:00 Switzerland Zurich
85%
UTC+00:00 Ghana Accra
81%
UTC+09:30 Australia Adelaide
81%
UTC−09:00 United States Anchorage
81%
UTC+01:00 Andorra Andorra la Vella
81%
UTC+01:00 Serbia Belgrade
81%
UTC−04:00 Venezuela Caracas
81%
UTC+05:30 India Delhi
81%
UTC−05:00 Cuba Havana
81%
UTC+04:30 Afghanistan Kabul
81%
UTC−05:00 Jamaica Kingston
81%
UTC−04:00 Saint Vincent and the Grenadines Kingstown
81%
UTC+02:00 Ukraine Kyiv
81%
UTC−05:00 Peru Lima
81%
UTC+10:00 Australia Melbourne
81%
UTC+01:00 Italy Milan
81%
UTC+03:00 Belarus Minsk
81%
UTC+01:00 Monaco Monaco
81%
UTC+01:00 Norway Oslo
81%
UTC+08:00 Australia Perth
81%
UTC+09:00 North Korea Pyongyang
81%
UTC+01:00 Germany Rhine-Ruhr area
81%
UTC−04:00 Chile Santiago
81%
UTC−04:00 Dominican Republic Santo Domingo
81%
UTC+09:00 South Korea Seoul
81%
UTC+02:00 Bulgaria Sofia
81%
UTC+01:00 Sweden Stockholm
81%
UTC+08:00 Taiwan Taipei
81%
UTC+09:00 Japan Tokyo
81%
UTC+01:00 Vatican City Vatican City
81%
UTC+01:00 Austria Vienna
81%
UTC+01:00 Poland Warsaw
81%
UTC+03:00 Ethiopia Addis Ababa
77%
UTC+01:00 Algeria Algiers
77%
UTC−03:00 Paraguay Asunción
77%
UTC+02:00 Greece Athens
77%
UTC+03:00 Iraq Baghdad
77%
UTC+00:00 Mali Bamako
77%
UTC+07:00 Thailand Bangkok
77%
UTC+02:00 Lebanon Beirut
77%
UTC+01:00 R. Congo Brazzaville
77%
UTC+01:00 Hungary Budapest
77%
UTC−03:00 Argentina Buenos Aires
77%
UTC+02:00 Egypt Cairo
77%
UTC+01:00 Morocco Casablanca
77%
UTC+01:00 Denmark Copenhagen
77%
UTC+00:00 Senegal Dakar
77%
UTC+03:00 Qatar Doha
77%
UTC−05:00 United Kingdom George Town
77%
UTC−04:00 Guyana Georgetown
77%
UTC−06:00 Guatemala Guatemala City
77%
UTC+07:00 Vietnam Ho Chi Minh City
77%
UTC+03:00 Turkey Istanbul
77%
UTC+07:00 Indonesia Jakarta
77%
UTC+05:45 Nepal Kathmandu
77%
UTC+01:00 D.R. Congo Kinshasa
77%
UTC+08:00 Malaysia Kuala Lumpur
77%
UTC+03:00 Kuwait Kuwait City
77%
UTC+01:00 Nigeria Lagos
77%
UTC+01:00 Angola Luanda
77%
UTC−04:00 Brazil Manaus
77%
UTC+08:00 Philippines Manila
77%
UTC−03:00 Uruguay Montevideo
77%
UTC+04:00 Oman Muscat
77%
UTC−05:00 Bahamas Nassau
77%
UTC−05:00 Panama Panama City
77%
UTC−07:00 United States Phoenix
77%
UTC+01:00 Czech Republic Prague
77%
UTC+01:00 Kosovo Pristina
77%
UTC+02:00 Lativa Riga
77%
UTC+03:00 Saudi Arabia Riyadh
77%
UTC+01:00 Netherlands Rotterdam
77%
UTC+01:00 Bosnia and Herzegovina Sarajevo
77%
UTC+08:00 Singapore Singapore
77%
UTC+04:00 Georgia Tbilisi
77%
UTC+01:00 Albania Tirana
77%
UTC−05:00 Canada Toronto
77%
UTC+01:00 Tunisia Tunis
77%
UTC−06:00 Canada Winnipeg
77%
UTC+06:30 Myanmar Yangon
77%
UTC+01:00 Croatia Zagreb
77%
UTC+03:00 Jordan Amman
73%
UTC+03:00 Madagascar Antananarivo
73%
UTC+04:00 Azerbaijan Baku
73%
UTC+08:00 Brunei Bandar Seri Begawan
73%
UTC+01:00 Central African Republic Bangui
73%
UTC−06:00 Belize Belize City
73%
UTC+06:00 Kyrgyzstan Bishkek
73%
UTC+00:00 Guinea-Bissau Bissau
73%
UTC+01:00 Slovakia Bratislava
73%
UTC−04:00 Barbados Bridgetown
73%
UTC+02:00 Romania Bucharest
73%
UTC+02:00 Moldova Chișinău
73%
UTC+05:30 Sri Lanka Colombo
73%
UTC+00:00 Guinea Conakry
73%
UTC+03:00 Syria Damascus
73%
UTC+06:00 Bangladesh Dhaka
73%
UTC+09:00 East Timor Dili
73%
UTC+04:00 United Arab Emirates Dubai
73%
UTC+00:00 Sierra Leone Freetown
73%
UTC+01:00 United Kingdom Gibraltar
73%
UTC+02:00 Finland Helsinki
73%
UTC+02:00 South Africa Johannesburg
73%
UTC+02:00 Sudan Khartoum
73%
UTC+01:00 Slovenia Ljubljana
73%
UTC+00:00 Togo Lomé
73%
UTC+05:00 Maldives Malé
73%
UTC+03:00 Bahrain Manama
73%
UTC+02:00 Mozambique Maputo
73%
UTC+03:00 Somalia Mogadishu
73%
UTC+00:00 Liberia Monrovia
73%
UTC+03:00 Kenya Nairobi
73%
UTC+01:00 Niger Niamey
73%
UTC+02:00 Cyprus Nicosia
73%
UTC+00:00 Mauritania Nouakchott
73%
UTC+00:00 Burkina Faso Ouagadougou
73%
UTC+01:00 Montenegro Podgorica
73%
UTC−05:00 Haiti Port-au-Prince
73%
UTC−01:00 Cape Verde Praia
73%
UTC+03:00 Yemen Sana'a
73%
UTC−06:00 Costa Rica San José
73%
UTC−04:00 United States San Juan
73%
UTC−06:00 El Salvador San Salvador
73%
UTC+00:00 São Tomé and Príncipe São Tomé
73%
UTC+01:00 Liechtenstein Schaan
73%
UTC−04:00 Antigua and Barbuda St. John's
73%
UTC−03:30 Canada St. John's
73%
UTC+02:00 Estonia Tallinn
73%
UTC+02:00 Israel Tel Aviv
73%
UTC+06:00 Bhutan Thimphu
73%
UTC−08:00 Mexico Tijuana
73%
UTC+02:00 Lithuania Vilnius
73%
UTC+04:00 Armenia Yerevan
73%
UTC+00:00 Ivory Coast Abidjan
69%
UTC+13:00 Samoa Apia
69%
UTC+05:00 Turkmenistan Ashgabat
69%
UTC+00:00 Gambia Banjul
69%
UTC−07:00 Canada Calgary
69%
UTC−04:00 Saint Lucia Castries
69%
UTC+03:00 Tanzania Dar es Salaam
69%
UTC+03:00 Djibouti Djibouti
69%
UTC+05:00 Tajikistan Dushanbe
69%
UTC+02:00 Botswana Gaborone
69%
UTC−04:00 Canada Halifax
69%
UTC+02:00 Zimbabwe Harare
69%
UTC+11:00 Solomon Islands Honiara
69%
UTC−10:00 United States Honolulu
69%
UTC+02:00 South Sudan Juba
69%
UTC+02:00 Rwanda Kigali
69%
UTC+01:00 Gabon Libreville
69%
UTC+02:00 Malawi Lilongwe
69%
UTC+02:00 Zambia Lusaka
69%
UTC+01:00 Chad N'Djamena
69%
UTC+07:00 Cambodia Phnom Penh
69%
UTC+10:00 Papua New Guinea Port Moresby
69%
UTC−04:00 Bolivia Santa Cruz
69%
UTC+01:00 North Macedonia Skopje
69%
UTC+12:00 Fiji Suva
69%
UTC+05:00 Uzbekistan Tashkent
69%
UTC+02:00 Libya Tripoli
69%
UTC+08:00 Mongolia Ulaanbaatar
69%
UTC+01:00 Malta Valletta
69%
UTC+07:00 Laos Vientiane
69%
UTC+10:00 Russia Vladivostok
69%
UTC+02:00 Namibia Windhoek
69%
UTC+05:00 Kazakstan Almaty
65%
UTC+03:00 Eritrea Asmara
65%
UTC−04:00 Saint Kitts and Nevis Basseterre
65%
UTC−05:00 Mexico Cancún
65%
UTC−03:00 France Cayenne
65%
UTC+01:00 Benin Cotonou
65%
UTC+02:00 Russia Kaliningrad
65%
UTC+03:00 Uganda Kampala
65%
UTC+05:00 Pakistan Karachi
65%
UTC−06:00 Nicaragua Managua
65%
UTC+04:00 Mauritius Port Louis
65%
UTC+11:00 Vanuatu Port Vila
65%
UTC−04:00 Dominica Roseau
65%
UTC−04:00 Grenada St. George's
65%
UTC+04:00 Seychelles Victoria
65%
UTC+01:00 Cameroon Yaoundé
65%
UTC+02:00 Burundi Bujumbura
62%
UTC+03:00 Ukraine Donetsk
62%
UTC+12:00 Tuvalu Funafuti
62%
UTC+12:00 Marshall Islands Majuro
62%
UTC+02:00 Eswatini Mbabane
62%
UTC+07:00 Russia Novosibirsk
62%
UTC+13:00 Tonga Nuku'alofa
62%
UTC+06:00 Russia Omsk
62%
UTC−03:00 Suriname Paramaribo
62%
UTC−05:00 Ecuador Guayaquil
58%
UTC+08:00 Russia Irkutsk
58%
UTC+02:00 Lesotho Maseru
58%
UTC+03:00 Comoros Moroni
58%
UTC+12:00 Kiribati South Tarawa
58%
UTC+05:00 Russia Yekaterinburg
58%
UTC−07:00 Mexico Ciudad Juárez
54%
UTC+11:00 F.S. Micronesia Palikir
54%
UTC−03:00 United Kingdom Stanley
54%
UTC+09:00 Russia Yakutsk
54%
UTC+00:00 Spain Las Palmas
50%
UTC+04:00 Russia Samara
50%
UTC+00:00 Denmark Tórshavn
46%
UTC+02:00 D.R. Congo Lubumbashi
42%
UTC−11:00 United States Pago Pago
42%
UTC−06:00 Honduras San Pedro Sula
42%
UTC+08:00 Indonesia Makassar
38%
UTC−04:00 Netherlands Willemstad
38%
UTC+11:00 Russia Yuzhno-Sakhalinsk
38%
UTC−04:00 United Kingdom Hamilton
35%
UTC+11:00 France Nouméa
35%
UTC−10:00 France Papeete
35%
UTC+12:00 Russia Petropavlovsk-Kamchatsky
35%
UTC+04:00 France Saint-Denis
35%
UTC−08:00 United Kingdom Adamstown
31%
UTC+01:00 Equatorial Guinea Bata
31%
UTC+01:00 San Marino Dogana
31%
UTC+03:00 France Mamoudzou
27%
UTC+11:00 Australia Burnt Pine
23%
UTC+02:00 United Kingdom Dasaki Achnas
23%
UTC+07:00 Australia Flying Fish Cove
23%
UTC+09:00 Indonesia Jayapura
23%
UTC+09:00 Palau Koror
23%
UTC−01:00 Portugal Ponta Delgada
23%
UTC−05:00 Brazil Rio Branco
23%
UTC+03:00 Georgia Sukhumi
23%
UTC−04:00 Trinidad and Tobago Chaguanas
19%
UTC−03:00 Chile Punta Arenas
19%
UTC−11:00 New Zealand Alofi
15%
UTC−10:00 New Zealand Avarua
15%
UTC+12:00 France Mata Utu
15%
UTC−04:00 France Pointe-à-Pitre
15%
UTC+13:00 Kiribati Tebaronga
15%
UTC+10:00 F.S. Micronesia Weno
15%
UTC+08:45 Australia Eucla
12%
UTC+10:30 Australia Lord Howe Island
12%
UTC−06:00 Ecuador Puerto Ayora
12%
UTC−02:00 Brazil Vila dos Remédios
12%
UTC+13:00 New Zealand Atafu
8%
UTC+10:00 United States Dededo
8%
UTC−06:00 Chile Hanga Roa
8%
UTC+14:00 Kiribati Tabwakea
8%
UTC+12:45 New Zealand Waitangi
8%
UTC+06:30 Australia Bantam
4%
UTC+12:00 Nauru Denigomodu
4%
UTC+07:00 Mongolia Ölgii
4%
UTC−09:30 France Taioha'e
4%
UTC+11:00 Papua New Guinea Arawa
0%
UTC−09:00 France Rikitea
0%
No matching quizzes found
Score Distribution
Percent of People with Each Score
Percentile by Number Answered
Your Score History
You have not taken this quiz